10 secrets of successful men that women want to know

Bibliographic Details
Main Author: Brooks, Dr.Donna
Other Authors: Brooks, Lynn
Format: Book
Published: New York : McGraw Hill Co., Inc. , 2002
Subjects:

MARC

LEADER 00000cam a2200000 7i4500
001 0000076274
005 20040804.0
020 |a 0071436855 
090 0 0 |a 650.1   |b BRO 
100 1 |a Brooks, Dr.Donna 
245 1 0 |a 10 secrets of successful men that women want to know   |c Donna Brooks and Lynn Brooks 
260 |a New York :   |b McGraw Hill Co., Inc. ,   |c 2002 
300 |a 188p. ;   |c 22cm. 
500 |a Includes Index 
650 0 0 |a Businessmen 
650 0 0 |a Success in business 
700 1 |a Brooks, Lynn 
999 |a 00173378   |b BUKU   |c PINJAMAN   |e PERPUSTAKAAN KOMUNITI PETALING JAYA